000 01301nam a2200253Ia 4500
999 _c41447
_d41447
001 8111
003 GE_BSU
005 20240312174247.0
008 181216s2008||||ge |||||||||||||| ||geo||
020 _a9789994098514x
040 _cGE_BSU
041 _ageo
080 _a343.95(075.8) ა-58
100 _aამინოვი, ი. ი.
_916117
245 _aიურიდიული ფსიქოლოგია :
_b[სახელმძღვ. უმაღლ. სასწ. დაწეს. სტუდენტებისათვის, "იურისპრუდენციის" სპეციალობის შემსწავლელთათვის] /
_cი. ი. ამინოვი ; რედ. ნ. დ. ერიაშვილი.
264 _aთბილისი :
_bსამართლიანი საქართველო,
_c2008.
300 _a580 გვ.;
_b21 სმ.
504 _aბიბლიოგრაფია ტექსტ. შენიშვნ. და გვ. : 575-579
541 _h35ლ.
653 _aიურიდიული ფსიქოლოგია
653 _aფსიქოლოგია
700 _aერიაშვილი, ნ. დ.
_eრედაქტორი
_921396
942 _cBK
_2udc